European Singers - Sudden Death - Statistics

General Stats
  • This quiz has been taken 958 times
    917 since last reset
  • The average score is 12 of 50
Answers on the Grid
Answers color-coded by a green-red scale on the quiz's grid according to % correct below.
Amy Winehouse
Serge Gainsbourg
Sia
Andrea Bocelli
Stevie Wonder
Enya
Stevie Wonder
Charles Aznavour
Lewis Capaldi
Shania Twain
Tom Jones
Lorde
Julio Iglesias
Ray Charles
Loreen
Gloria Estefan
James Brown
Björk
Édith Piaf
Aretha Franklin
Barry White
Jacques Brel
Cher
Luciano Pavarotti
Sinéad O'Connor
Rosalía
Justin Bieber
Anna Vissi
Billie Eilish
Stromae
Mary J. Blige
Usher
Paolo Nutini
David Bowie
Celine Dion
Nena
Eros Ramazzotti
Kimbra
Bryan Adams
Jem
Ariana Grande
Enrique Iglesias
Johnny Cash
Tove Lo
Lara Fabian
Rihanna
Toto Cutugno
Pink
Shirley Bassey
Amy Macdonald
Prince
George Michael
Shakira
Laura Pausini
Karol G
Alicia Keys
Diana Ross
Falco
Vicente Fernández
Despina Vandi
Johnny Hallyday
Hozier
Nelly Furtado
Tony Bennett
Katherine Jenkins
Sabrina Carpenter
Plácido Domingo
Anouk
Sean Paul
Katy Perry
Van Morrison
Duffy
Carly Rae Jepsen
Alla Pugacheva
Bob Marley
Elton John
Frank Sinatra
Marvin Gaye
Halsey
Ricky Martin
Nat King Cole
Lulu
Miley Cyrus
Kylie Minogue
Nana Mouskouri
Leonard Cohen
Ruslana
Avril Lavigne
Indila
Montserrat Caballé
Jennifer Lopez
Dean Martin
Nina Simone
Demis Roussos
Marilyn Manson
Alexandra Stan
KT Tunstall
Alanis Morissette
Michael Bublé
Zara Larsson
 
Answer Stats
Answer % Correct
Amy Winehouse
80%
Andrea Bocelli
65%
Björk
54%
Édith Piaf
46%
Lewis Capaldi
46%
Enya
44%
Sinéad O'Connor
44%
Julio Iglesias
43%
David Bowie
40%
Luciano Pavarotti
40%
Tom Jones
38%
Charles Aznavour
37%
Serge Gainsbourg
36%
Elton John
33%
Stromae
30%
Enrique Iglesias
29%
George Michael
29%
Loreen
29%
Eros Ramazzotti
27%
Nena
26%
Jacques Brel
25%
Zara Larsson
25%
Paolo Nutini
21%
Rosalía
19%
Hozier
18%
Laura Pausini
17%
Tove Lo
17%
Falco
16%
Plácido Domingo
15%
Anna Vissi
13%
Lara Fabian
13%
Shirley Bassey
13%
Toto Cutugno
13%
Van Morrison
13%
Demis Roussos
12%
Duffy
12%
Nana Mouskouri
12%
Amy Macdonald
11%
Johnny Hallyday
11%
Lulu
11%
Ruslana
11%
Montserrat Caballé
10%
Alexandra Stan
9%
Alla Pugacheva
9%
Anouk
9%
Indila
9%
KT Tunstall
8%
Despina Vandi
7%
Katherine Jenkins
6%
Jem
4%
No matching quizzes found
Score Distribution
Percent of People with Each Score
Percentile by Number Answered
Your Score History
You have not taken this quiz since the last reset